El general en su laberinto

Saved in:
Bibliografiske detaljer
Hovedforfatter: García Márquez, Gabriel (autor)
Format: Bog
Sprog:spansk
Udgivet: Buenos Aires Sudamericana 1989
Fag:
Tags: Tilføj Tag
Ingen Tags, Vær først til at tagge denne postø!

MARC

LEADER 00000cam a2200000 a 4500
001 UCX0584
003 CL-VaPUC
008 891115e19890000AG |||||||||||||||||spa|d
082 0 4 |a Co863  |b GAR  |2 21 
100 |a García Márquez, Gabriel  |e autor  |9 318010 
245 1 3 |a El general en su laberinto 
300 |a 286 p 
942 |c BK 
945 |d 19891115 00:00:00 
260 |a Buenos Aires  |b Sudamericana  |c 1989 
650 0 |a Novelas colombianas  |9 266734 
583 |a last modification  |c 20180925 01:52:56  |k Rodrigo Vera 
999 |c 222138  |d 222136 
952 |0 0  |1 0  |4 0  |6 CO_863_000000000000000_GAR_1989  |7 0  |8 A  |9 216439  |a BIBEDU  |b BIBEDU  |d 2019-11-15  |i 285063K  |o Co863 GAR 1989  |p 285063K  |r 2019-11-15  |w 2019-11-15  |y BK  |k LIT 
952 |0 0  |1 0  |3 erb  |4 0  |6 CO_863_000000000000000_GAR_1989  |7 0  |8 A  |9 216440  |a BIBEDU  |b BIBEDU  |i 5502942  |o Co863 GAR 1989  |p 5502942  |r 2019-11-15  |w 2019-11-15  |y BK  |z Catalogado en:20180927  |k LIT